| 000 | 01101nam a22001817a 4500 | ||
|---|---|---|---|
| 008 | 140610b xxu||||| |||| 00| 0 eng d | ||
| 020 | _a9781408045244 | ||
| 050 | _aHD31.C67 | ||
| 100 | _aCole, Gerald A. | ||
| 245 | _aManagement: theory and practice. / | ||
| 250 | _a7th ed. | ||
| 260 |
_aU.K: _bCengage Learning, _c2004. |
||
| 300 |
_axvi,608p.; _bill.: _c24cm. |
||
| 500 | _aIncludes index, glossary and appendix. | ||
| 505 | _aContents: Management theory: Introduction -- Classical theories of management -- Human relations and social psychological theories -- Theories of leadership and group behaviour -- Systems and contingency approaches to management theory -- Modern approaches to management theory -- Management in practice: The context of management -- Management planning -- Organising for management -- Control in management -- Functional management-marketing, production, personnel and financial: Marketing management -- Production management -- Personnel management -- Financial aspects of management -- Appendix -- Glossary -- Index. | ||
| 700 | _aKelly, Phil. | ||
| 942 |
_2lcc _cBK |
||
| 999 |
_c2975 _d10475 |
||